| 000 | 00641nmc a2200265 a 4500 | ||
|---|---|---|---|
| 003 | AR-BaBNM | ||
| 005 | 20251128204045.0 | ||
| 008 | 236019s1990 ||||||||||||||000 | spa|| | ||
| 020 | _a950-03-0397-3 | ||
| 040 | _cAR-BaBNM | ||
| 100 | 1 | _aAsturias, Miguel Angel | |
| 245 | 1 | 0 | _aHombres de maíz |
| 250 | _a10ª ed. | ||
| 260 |
_aBuenos Aires _bLosada _c1990 |
||
| 300 | 0 | _a279 p. | |
| 490 | 0 |
_aBiblioteca clásica y contemporánea _vv. 512 |
|
| 650 | 4 | _aLEYENDAS | |
| 650 | 4 | _aLITERATURA GUATEMALA | |
| 650 | 4 | _aNOVELAS | |
| 650 | 4 | _aMITOLOGIA | |
| 651 | 4 | _aGuatemala | |
| 655 | _aLITERATURA | ||
| 942 | _cBK | ||
| 998 | _cisola | ||
| 999 |
_c5994 _d5994 |
||